[Event "31. Torneo San Viator 2019 - Grupo B"]
[Site "Madrid ESP"]
[Date "2019.09.29"]
[Round "3.9"]
[White "Sanchez Gomez, Emiliano"]
[Black "Gregorio Guerrero, Ivan"]
[Result "0-1"]
[WhiteElo "1700"]
[BlackElo "1479"]
[PlyCount "46"]
[EventDate "2019.09.08"]
[EventType "swiss"]
[EventRounds "9"]
[EventCountry "ESP"]
[SourceTitle "Ajedrez en Madrid"]
[Source "lmi"]
[SourceDate "2019.09.08"]
[SourceVersion "1"]
[SourceVersionDate "2019.10.29"]
[SourceQuality "1"]

1. e4 e6 2. d4 d5 3. e5 c5 4. c3 Nc6 5. Nf3 Qb6 6. Bd3 cxd4 7. cxd4 Bd7 8. O-O
Nxd4 9. Nxd4 Qxd4 10. Nc3 a6 11. Qe2 Ne7 12. Kh1 Nc6 13. f4 Bc5 14. a3 Rc8 15.
Bd2 Ba7 16. Rf3 Qb6 17. Rb1 Nd4 18. Qd1 Nxf3 19. Qxf3 Qf2 20. Qxf2 Bxf2 21. f5
Bd4 22. fxe6 fxe6 23. Re1 O-O 0-1

[Event "31. Torneo San Viator 2019 - Grupo B"]
[Site "Madrid ESP"]
[Date "2019.09.29"]
[Round "3.10"]
[White "Navarro Gonzalez, Jaime"]
[Black "Alamo Casanueva, Daniel"]
[Result "1-0"]
[WhiteElo "1695"]
[BlackElo "1449"]
[PlyCount "95"]
[EventDate "2019.09.08"]
[EventType "swiss"]
[EventRounds "9"]
[EventCountry "ESP"]
[SourceTitle "Ajedrez en Madrid"]
[Source "lmi"]
[SourceDate "2019.09.08"]
[SourceVersion "1"]
[SourceVersionDate "2019.10.29"]
[SourceQuality "1"]

1. b3 e5 2. Bb2 Nc6 3. e3 d5 4. Bb5 Nge7 5. Bxe5 a6 6. Bxc6+ Nxc6 7. Bb2 Bf5 8.
Ne2 Qg5 9. Ng3 Bd7 10. Qh5 h6 11. Qxg5 hxg5 12. Nc3 Nb4 13. O-O-O O-O-O 14. a3
Nc6 15. Nxd5 Bg4 16. f3 Bxf3 17. gxf3 Rxd5 18. c4 Rd7 19. d4 f6 20. Nf5 Ne7 21.
Nxe7+ Rxe7 22. Kd2 Rh3 23. Ke2 Re8 24. Rdg1 Bd6 25. Rg2 Reh8 26. d5 Rxh2 27.
Rgxh2 Rxh2+ 28. Rxh2 Bxh2 29. Kd3 Kd7 30. Ke4 Bd6 31. Kf5 Ke7 32. e4 Bf4 33. e5
g6+ 34. Kxg6 fxe5 35. a4 Kd6 36. Ba3+ c5 37. Kf5 a5 38. Bb2 Bg3 39. Kxg5 Bf4+
40. Kf5 Bg3 41. Bc1 Bh4 42. Bd2 b6 43. Bg5 Be1 44. Bd8 Bc3 45. Bxb6 Bd2 46. Bd8
Bc3 47. Bf6 Bd4 48. f4 1-0

[Event "31. Torneo San Viator 2019 - Grupo B"]
[Site "Madrid ESP"]
[Date "2019.09.29"]
[Round "3.11"]
[White "Arce Escobedo, Julio"]
[Black "Menendez Domes, Juan"]
[Result "1-0"]
[WhiteElo "1664"]
[BlackElo "1437"]
[PlyCount "33"]
[EventDate "2019.09.08"]
[EventType "swiss"]
[EventRounds "9"]
[EventCountry "ESP"]
[SourceTitle "Ajedrez en Madrid"]
[Source "lmi"]
[SourceDate "2019.09.08"]
[SourceVersion "1"]
[SourceVersionDate "2019.10.29"]
[SourceQuality "1"]

1. e4 e5 2. Nf3 Nc6 3. Bc4 h6 4. d4 exd4 5. Nxd4 Nxd4 6. Qxd4 Nf6 7. e5 Qe7 8.
O-O Nh7 9. Nc3 Qc5 10. Qf4 f6 11. exf6 Nxf6 12. Be3 Bd6 13. Bxc5 Bxf4 14. Rfe1+
Kd8 15. Be7+ Ke8 16. Bxf6+ Kf8 17. Be7+ 1-0

[Event "31. Torneo San Viator 2019 - Grupo B"]
[Site "Madrid ESP"]
[Date "2019.09.29"]
[Round "3.12"]
[White "Alcojor Patilla, Antonio"]
[Black "Lopez Ochoa, Arsenio"]
[Result "1/2-1/2"]
[WhiteElo "1602"]
[BlackElo "1194"]
[PlyCount "84"]
[EventDate "2019.09.08"]
[EventType "swiss"]
[EventRounds "9"]
[EventCountry "ESP"]
[SourceTitle "Ajedrez en Madrid"]
[Source "lmi"]
[SourceDate "2019.09.08"]
[SourceVersion "1"]
[SourceVersionDate "2019.10.29"]
[SourceQuality "1"]

1. e4 e5 2. Nf3 Nc6 3. Bc4 Bc5 4. c3 Nf6 5. d3 d6 6. a4 a6 7. Nbd2 Be6 8. Bxe6
fxe6 9. Qb3 d5 10. O-O O-O 11. Qc2 Qe7 12. b4 Ba7 13. b5 axb5 14. axb5 Bxf2+
15. Rxf2 Rxa1 16. bxc6 bxc6 17. Nb3 Ra6 18. Nxe5 Qd6 19. Bf4 Qe7 20. h3 Nh5 21.
Be3 Rxf2 22. Qxf2 Qf6 23. Qxf6 gxf6 24. Nd7 Ng3 25. Kf2 Nh5 26. Kf3 Ng7 27. Bc1
Ra8 28. Nd4 Ra1 29. Bd2 dxe4+ 30. Kxe4 Ra5 31. Nb3 Ra8 32. d4 Kf7 33. Bf4 Ne8
34. Ndc5 h5 35. Nb7 Ke7 36. N3a5 Ra6 37. c4 Nd6+ 38. Nxd6 Rxa5 39. Nb7 f5+ 40.
Kf3 Ra3+ 41. Kf2 Ra2+ 42. Kg3 Ra4 1/2-1/2

[Event "31. Torneo San Viator 2019 - Grupo B"]
[Site "Madrid ESP"]
[Date "2019.09.29"]
[Round "3.13"]
[White "Jimenez Perez, Federico"]
[Black "Castro Uceda, Jose Antonio"]
[Result "0-1"]
[WhiteElo "1291"]
[BlackElo "1518"]
[PlyCount "136"]
[EventDate "2019.09.08"]
[EventType "swiss"]
[EventRounds "9"]
[EventCountry "ESP"]
[SourceTitle "Ajedrez en Madrid"]
[Source "lmi"]
[SourceDate "2019.09.08"]
[SourceVersion "1"]
[SourceVersionDate "2019.10.29"]
[SourceQuality "1"]

1. e4 c5 2. Nf3 g6 3. c3 d5 4. Bb5+ Bd7 5. Bxd7+ Qxd7 6. exd5 Qxd5 7. O-O Bg7
8. Qa4+ Nc6 9. b4 cxb4 10. Bb2 Qc4 11. a3 Nf6 12. Ne5 Qe6 13. d4 bxc3 14. Nxc3
O-O 15. Nb5 Nd5 16. Nxc6 bxc6 17. Rfe1 cxb5 18. Qxb5 Qd6 19. a4 Rab8 20. Qe2
Qc6 21. Rec1 Qb7 22. Rab1 Nf4 23. Qg4 Nd3 24. Rc2 Qa6 25. Qe2 Nb4 26. Rc4 Nd5
27. Rbc1 Nb6 28. R4c2 Qxe2 29. Rxe2 Nd5 30. g3 Rfe8 31. h4 Rb4 32. a5 e6 33.
Ra1 Bxd4 34. Bxd4 Rxd4 35. Rc2 Rb8 36. Rc6 Rd2 37. Rac1 Rb5 38. Ra6 Rb7 39. Rd6
Ra2 40. g4 Rxa5 41. Rc8+ Kg7 42. g5 Ne7 43. Re8 Rd5 44. Ra6 Rd4 45. Ra8 Rxh4
46. f3 Nd5 47. Rd6 Rf4 48. Kf2 Rf5 49. Rdd8 Rxg5 50. Rg8+ Kf6 51. Rgb8 Rxb8 52.
Rxb8 Kg7 53. Rb5 h5 54. f4 Rf5 55. Ra5 Rxf4+ 56. Kg3 h4+ 57. Kh3 g5 58. Rxa7
Kg6 59. Ra1 f5 60. Ra2 Rf3+ 61. Kg2 g4 62. Kh2 f4 63. Rg2 Kg5 64. Re2 Ne3 65.
Re1 Rf2+ 66. Kg1 g3 67. Kh1 Kg4 68. Rg1 Rh2# 0-1

[Event "31. Torneo San Viator 2019 - Grupo B"]
[Site "Madrid ESP"]
[Date "2019.09.29"]
[Round "3.14"]
[White "Jimenez Alvaro, Angel"]
[Black "Buzica Patrin, Teo Adrian"]
[Result "1/2-1/2"]
[WhiteElo "1618"]
[BlackElo "1443"]
[PlyCount "57"]
[EventDate "2019.09.08"]
[EventType "swiss"]
[EventRounds "9"]
[EventCountry "ESP"]
[SourceTitle "Ajedrez en Madrid"]
[Source "lmi"]
[SourceDate "2019.09.08"]
[SourceVersion "1"]
[SourceVersionDate "2019.10.29"]
[SourceQuality "1"]

1. d4 d5 2. Bf4 Bf5 3. c4 e6 4. Nc3 c6 5. Qb3 Qc8 6. cxd5 exd5 7. Nf3 Nf6 8.
Rc1 Nbd7 9. e3 Be7 10. Nb5 O-O 11. Nd6 Bxd6 12. Bxd6 Re8 13. Be2 Ne4 14. Bf4
Ndf6 15. h3 Qd7 16. O-O Rac8 17. Rfd1 Re6 18. Ne5 Qe7 19. Nd3 b6 20. Nb4 Nd7
21. Ba6 Ra8 22. Nxc6 Qh4 23. Qxd5 Qxf2+ 24. Kh1 Bxh3 25. Ne7+ Rxe7 26. Qxa8+
Nf8 27. Rg1 Qh4 28. g3 Nf2+ 29. Kh2 1/2-1/2

[Event "31. Torneo San Viator 2019 - Grupo B"]
[Site "Madrid ESP"]
[Date "2019.09.29"]
[Round "3.15"]
[White "Torrecillas Adan, Luis"]
[Black "Sanchez Rivero, Miguel"]
[Result "0-1"]
[WhiteElo "1400"]
[BlackElo "1581"]
[PlyCount "84"]
[EventDate "2019.09.08"]
[EventType "swiss"]
[EventRounds "9"]
[EventCountry "ESP"]
[SourceTitle "Ajedrez en Madrid"]
[Source "lmi"]
[SourceDate "2019.09.08"]
[SourceVersion "1"]
[SourceVersionDate "2019.10.29"]
[SourceQuality "1"]

1. e4 d6 2. d4 Nf6 3. Nc3 e5 4. dxe5 dxe5 5. Qxd8+ Kxd8 6. Nf3 Nbd7 7. Ng5 Ke8
8. Bc4 Bb4 9. Nxf7 Rf8 10. Ng5 Nc5 11. f3 h6 12. Nh3 Na4 13. Bb5+ Bd7 14. Bxd7+
Nxd7 15. O-O Nxc3 16. bxc3 Bxc3 17. Rb1 b6 18. Ba3 Rf7 19. Rfd1 Nf6 20. Rd3
Bd4+ 21. Kh1 b5 22. c3 Bb6 23. Rbd1 c5 24. Bc1 Ke7 25. g4 Raf8 26. Kg2 g5 27.
R3d2 b4 28. c4 Rd8 29. Rxd8 Bxd8 30. Nf2 Nd7 31. Bb2 Rf6 32. Rd5 Ra6 33. Bxe5
Rxa2 34. Bg7 b3 35. Rd1 a5 36. Bxh6 Ke6 37. Kf1 Rxf2+ 38. Kxf2 Bf6 39. f4 gxf4
40. Bxf4 Ne5 41. Ke2 Nxc4 42. Kd3 Nb2+ 0-1

[Event "31. Torneo San Viator 2019 - Grupo B"]
[Site "Madrid ESP"]
[Date "2019.09.29"]
[Round "3.16"]
[White "Periotto Miori, Caterina"]
[Black "Campos Calderon, David"]
[Result "1-0"]
[WhiteElo "1321"]
[BlackElo "1549"]
[PlyCount "111"]
[EventDate "2019.09.08"]
[EventType "swiss"]
[EventRounds "9"]
[EventCountry "ESP"]
[SourceTitle "Ajedrez en Madrid"]
[Source "lmi"]
[SourceDate "2019.09.08"]
[SourceVersion "1"]
[SourceVersionDate "2019.10.29"]
[SourceQuality "1"]

1. Nf3 d5 2. d4 Nf6 3. c4 e6 4. Nc3 Be7 5. Bg5 O-O 6. e3 h6 7. Bh4 Ne4 8. Bxe7
Qxe7 9. Bd3 Nxc3 10. bxc3 Nd7 11. cxd5 exd5 12. O-O c5 13. Rb1 Nf6 14. h3 Ne4
15. Qc2 Re8 16. c4 dxc4 17. Qxc4 Bf5 18. Bxe4 Bxe4 19. Rb2 b6 20. Nd2 Bh7 21.
dxc5 Qxc5 22. Qxc5 bxc5 23. Rc1 Rac8 24. Rb7 a6 25. Rb3 Rc6 26. Rbc3 Rec8 27.
Nb3 c4 28. Na5 Rc5 29. Rxc4 Rxc4 30. Rxc4 Rxc4 31. Nxc4 Bd3 32. Nb2 Bb5 33. f3
Kf8 34. Kf2 Ke7 35. e4 f6 36. Ke3 Ke6 37. h4 Bf1 38. Kf2 Bb5 39. Ke3 Bf1 40. g3
g6 41. Nd3 Bxd3 42. Kxd3 Ke5 43. f4+ Ke6 44. Kc4 g5 45. hxg5 fxg5 46. fxg5 hxg5
47. Kd4 a5 48. a4 Kd6 49. e5+ Ke6 50. g4 Ke7 51. Kd5 Kd7 52. e6+ Ke7 53. Ke5
Kd8 54. Kf6 Ke8 55. e7 Kd7 56. Kf7 1-0

[Event "31. Torneo San Viator 2019 - Grupo B"]
[Site "Madrid ESP"]
[Date "2019.09.29"]
[Round "3.17"]
[White "Lopez Guitian, Juan J."]
[Black "Barragan Sanchez, Enrique"]
[Result "1-0"]
[WhiteElo "1541"]
[BlackElo "1364"]
[PlyCount "49"]
[EventDate "2019.09.08"]
[EventType "swiss"]
[EventRounds "9"]
[EventCountry "ESP"]
[SourceTitle "Ajedrez en Madrid"]
[Source "lmi"]
[SourceDate "2019.09.08"]
[SourceVersion "1"]
[SourceVersionDate "2019.10.29"]
[SourceQuality "1"]

1. d4 Nf6 2. Nf3 e6 3. g3 d5 4. Bg2 c5 5. c4 dxc4 6. Qa4+ Nc6 7. dxc5 Qa5+ 8.
Qxa5 Nxa5 9. Bd2 Nc6 10. Na3 Bxc5 11. Nxc4 O-O 12. O-O Rb8 13. Rac1 Ne4 14. Bf4
Ra8 15. e3 b5 16. Nce5 Nxe5 17. Nxe5 f5 18. Bxe4 fxe4 19. Rxc5 h6 20. h4 Rd8
21. Rfc1 a6 22. Rc7 Re8 23. Ng6 e5 24. Bxe5 Bg4 25. Rxg7# 1-0

[Event "31. Torneo San Viator 2019 - Grupo B"]
[Site "Madrid ESP"]
[Date "2019.09.29"]
[Round "3.18"]
[White "Collado Alcolado, Angel"]
[Black "Hernandez Tadeo, Gabriel"]
[Result "1-0"]
[WhiteElo "1227"]
[BlackElo "1511"]
[PlyCount "55"]
[EventDate "2019.09.08"]
[EventType "swiss"]
[EventRounds "9"]
[EventCountry "ESP"]
[SourceTitle "Ajedrez en Madrid"]
[Source "lmi"]
[SourceDate "2019.09.08"]
[SourceVersion "1"]
[SourceVersionDate "2019.10.29"]
[SourceQuality "1"]

1. e4 e5 2. Nf3 Nc6 3. Bb5 f5 4. exf5 e4 5. Bxc6 dxc6 6. Ne5 Nf6 7. Nc4 Bc5 8.
Ne3 O-O 9. O-O Nd5 10. Qe2 Kh8 11. Qc4 Nxe3 12. fxe3 Qe7 13. Nc3 Bxf5 14. b3
Bd6 15. Qe2 Qg5 16. Bb2 Bg4 17. Qc4 Bf3 18. Rf2 Rf5 19. Nxe4 Bxh2+ 20. Kxh2
Qh4+ 21. Kg1 Raf8 22. Qd4 R8f7 23. Rxf3 Rxf3 24. gxf3 c5 25. Qe5 Re7 26. Qf5
Kg8 27. Ng5 g6 28. Qc8+ 1-0

[Event "31. Torneo San Viator 2019 - Grupo B"]
[Site "Madrid ESP"]
[Date "2019.09.29"]
[Round "3.19"]
[White "Garcia Rojas, Juan Carlos"]
[Black "Perales Hernandez, Manuel"]
[Result "1-0"]
[WhiteElo "1508"]
[BlackElo "1324"]
[PlyCount "55"]
[EventDate "2019.09.08"]
[EventType "swiss"]
[EventRounds "9"]
[EventCountry "ESP"]
[SourceTitle "Ajedrez en Madrid"]
[Source "lmi"]
[SourceDate "2019.09.08"]
[SourceVersion "1"]
[SourceVersionDate "2019.10.29"]
[SourceQuality "1"]

1. e4 e5 2. Nf3 Nc6 3. Bb5 Nge7 4. c3 d6 5. d3 h6 6. Nbd2 a6 7. Ba4 Bd7 8. O-O
Ng6 9. Re1 Nf4 10. Nf1 Qf6 11. Ng3 Be7 12. Bxf4 exf4 13. Nh5 Qg6 14. Nxf4 Qh7
15. Nd5 Rc8 16. Nxe7 Nxe7 17. Bxd7+ Kxd7 18. e5 Qg6 19. d4 c6 20. exd6 Kxd6 21.
Qb3 Rc7 22. Qb4+ c5 23. dxc5+ Rxc5 24. Rad1+ Nd5 25. c4 Qg4 26. Rxd5+ Kc7 27.
Re7+ Kb8 28. Qxb7# 1-0

[Event "31. Torneo San Viator 2019 - Grupo B"]
[Site "Madrid ESP"]
[Date "2019.09.29"]
[Round "3.21"]
[White "Rendo Quindos, Pedro"]
[Black "Medina Lucena, Emilio"]
[Result "0-1"]
[WhiteElo "1501"]
[BlackElo "1315"]
[PlyCount "98"]
[EventDate "2019.09.08"]
[EventType "swiss"]
[EventRounds "9"]
[EventCountry "ESP"]
[SourceTitle "Ajedrez en Madrid"]
[Source "lmi"]
[SourceDate "2019.09.08"]
[SourceVersion "1"]
[SourceVersionDate "2019.10.29"]
[SourceQuality "1"]

1. d4 Nf6 2. Bf4 d6 3. h3 g6 4. Nf3 Bg7 5. e3 O-O 6. c4 Nbd7 7. Bd3 Re8 8. O-O
e5 9. Bh2 e4 10. Be2 exf3 11. Bxf3 Nb6 12. Nd2 c6 13. a4 Be6 14. a5 Nxc4 15. b3
Nxa5 16. e4 d5 17. e5 Nd7 18. Be2 b6 19. b4 Nc4 20. Nxc4 dxc4 21. Qc2 b5 22.
Ra6 Nb8 23. Ra5 Qxd4 24. Rd1 Qb6 25. Bf3 Rd8 26. Bf4 Rxd1+ 27. Qxd1 Nd7 28. Be3
Qc7 29. Ra6 Nxe5 30. g4 Nxf3+ 31. Qxf3 Bd5 32. Qd1 Be5 33. Qc2 Qb7 34. Ra5 a6
35. f4 Bc7 36. Ra3 Re8 37. Bc5 Bb6 38. f5 Bxc5+ 39. bxc5 Qe7 40. Qf2 Qe1+ 41.
Qxe1 Rxe1+ 42. Kf2 Re8 43. f6 b4 44. Rxa6 b3 45. Ra7 b2 46. Rb7 c3 47. Re7 Rb8
48. Kg3 b1=Q 49. Kh4 Qc1 0-1

[Event "31. Torneo San Viator 2019 - Grupo B"]
[Site "Madrid ESP"]
[Date "2019.09.29"]
[Round "3.24"]
[White "Gonzalez Reyes, Felix"]
[Black "Carrera Mellado, Sergio"]
[Result "1/2-1/2"]
[WhiteElo "1462"]
[BlackElo "1202"]
[PlyCount "64"]
[EventDate "2019.09.08"]
[EventType "swiss"]
[EventRounds "9"]
[EventCountry "ESP"]
[SourceTitle "Ajedrez en Madrid"]
[Source "lmi"]
[SourceDate "2019.09.08"]
[SourceVersion "1"]
[SourceVersionDate "2019.10.29"]
[SourceQuality "1"]

1. c4 Nf6 2. Nc3 c6 3. d4 d5 4. Bg5 dxc4 5. e3 b5 6. Bxf6 exf6 7. a4 Bb4 8.
axb5 cxb5 9. Nf3 Bb7 10. Be2 O-O 11. O-O a6 12. Qc2 Nd7 13. Rfd1 g6 14. Nd2 Qc7
15. Bf3 Bxf3 16. Nxf3 Rfe8 17. Nd5 Qd6 18. Nxb4 Qxb4 19. Qc3 Qd6 20. Ra5 f5 21.
Qc2 Nf6 22. h3 f4 23. Ne5 fxe3 24. fxe3 Rad8 25. Rf1 Re7 26. Raa1 Nd7 27. Nxd7
Rdxd7 28. Rf3 Re6 29. Raf1 Rde7 30. Qf2 Qd7 31. Qd2 Qe8 32. Re1 Re4 1/2-1/2

[Event "31. Torneo San Viator 2019 - Grupo B"]
[Site "Madrid ESP"]
[Date "2019.09.29"]
[Round "3.26"]
[White "Rojo Jorge, Angel"]
[Black "Higueruela Fernandez, Mario"]
[Result "1-0"]
[WhiteElo "1445"]
[BlackElo "1131"]
[PlyCount "71"]
[EventDate "2019.09.08"]
[EventType "swiss"]
[EventRounds "9"]
[EventCountry "ESP"]
[SourceTitle "Ajedrez en Madrid"]
[Source "lmi"]
[SourceDate "2019.09.08"]
[SourceVersion "1"]
[SourceVersionDate "2019.10.29"]
[SourceQuality "1"]

1. Nf3 c5 2. c4 Nc6 3. g3 Nf6 4. Bg2 d6 5. O-O e5 6. Nc3 Bg4 7. b3 h6 8. Bb2
Be7 9. d3 Qd7 10. Re1 O-O 11. Qd2 Rfe8 12. e3 Bd8 13. a3 Bh3 14. Bh1 Ng4 15.
Qc2 Bg5 16. Nxg5 hxg5 17. Ne4 Qf5 18. Nxd6 Qe6 19. Nxe8 Rxe8 20. Rad1 Qd7 21.
Bc3 Nf6 22. b4 b6 23. b5 Nd8 24. Qb2 Qd6 25. d4 e4 26. dxc5 Qxc5 27. Bxf6 gxf6
28. Qxf6 Ne6 29. Rd7 Rf8 30. Bxe4 Ng7 31. Qh6 Bf5 32. Bxf5 Nxf5 33. Qxg5+ Kh8
34. Rd5 Qc8 35. Rxf5 Qxc4 36. Qh6+ 1-0

[Event "31. Torneo San Viator 2019 - Grupo B"]
[Site "Madrid ESP"]
[Date "2019.09.29"]
[Round "3.27"]
[White "Caparros Armand, M Isabel"]
[Black "Garcia Serrano, Alfredo"]
[Result "1-0"]
[WhiteElo "1406"]
[BlackElo "1034"]
[PlyCount "75"]
[EventDate "2019.09.08"]
[EventType "swiss"]
[EventRounds "9"]
[EventCountry "ESP"]
[SourceTitle "Ajedrez en Madrid"]
[Source "lmi"]
[SourceDate "2019.09.08"]
[SourceVersion "1"]
[SourceVersionDate "2019.10.29"]
[SourceQuality "1"]

1. d4 d6 2. Bf4 g6 3. e3 Bg7 4. Nd2 Nc6 5. Ngf3 Nf6 6. Be2 O-O 7. h3 h5 8. O-O
Nh7 9. Bb5 a5 10. Bxc6 bxc6 11. c3 Re8 12. Nc4 e6 13. Bh2 Bb7 14. Qb3 a4 15.
Qxb7 c5 16. dxc5 dxc5 17. Rad1 Qe7 18. Qxc7 Qxc7 19. Bxc7 Rac8 20. Be5 Bxe5 21.
Nfxe5 Re7 22. Rd2 Ra8 23. Rfd1 Nf6 24. Rd8+ Rxd8 25. Rxd8+ Kg7 26. Ra8 Nd7 27.
Nxd7 Rxd7 28. Rxa4 Rd1+ 29. Kh2 Rf1 30. Kg3 f5 31. Ne5 Rb1 32. Ra7+ Kh6 33. Rb7
Rd1 34. h4 Rd8 35. Nf7+ Kg7 36. Nxd8+ Kf6 37. f4 e5 38. Rf7# 1-0

[Event "31. Torneo San Viator 2019 - Grupo B"]
[Site "Madrid ESP"]
[Date "2019.09.29"]
[Round "3.31"]
[White "Gallego Romero, Manuel"]
[Black "Insua Rodriguez, Antonio"]
[Result "1-0"]
[WhiteElo "1421"]
[BlackElo "1320"]
[PlyCount "89"]
[EventDate "2019.09.08"]
[EventType "swiss"]
[EventRounds "9"]
[EventCountry "ESP"]
[SourceTitle "Ajedrez en Madrid"]
[Source "lmi"]
[SourceDate "2019.09.08"]
[SourceVersion "1"]
[SourceVersionDate "2019.10.29"]
[SourceQuality "1"]

1. e4 e6 2. d4 d5 3. exd5 exd5 4. h3 Bd6 5. Nf3 Nf6 6. Nc3 c6 7. Bd3 O-O 8. O-O
Nbd7 9. Ne2 c5 10. c3 Re8 11. Bb1 c4 12. Qc2 Nf8 13. Nf4 g6 14. Ne2 Bf5 15. Qd1
Bxb1 16. Rxb1 Kg7 17. Bg5 N8d7 18. Ng3 h6 19. Bd2 Ne4 20. Nxe4 dxe4 21. Ne1 Nf6
22. Qc1 g5 23. Nc2 Nd5 24. Ne3 Nxe3 25. Bxe3 f5 26. Qd1 f4 27. Bc1 e3 28. fxe3
fxe3 29. Qf3 Bf4 30. g3 e2 31. Re1 Bxc1 32. Rbxc1 Qe7 33. Rc2 Qe3+ 34. Qxe3
Rxe3 35. Kf2 Rae8 36. Rcxe2 Rxe2+ 37. Rxe2 Rxe2+ 38. Kxe2 Kf6 39. Ke3 h5 40.
Ke4 b5 41. d5 a5 42. Kd4 Ke7 43. Kc5 g4 44. hxg4 hxg4 45. Kxb5 1-0

[Event "31. Torneo San Viator 2019 - Grupo B"]
[Site "Madrid ESP"]
[Date "2019.09.29"]
[Round "3.32"]
[White "Bergas Moreno, Francisco J"]
[Black "Lavado Peña, Hector"]
[Result "1-0"]
[WhiteElo "1325"]
[BlackElo "1058"]
[PlyCount "113"]
[EventDate "2019.09.08"]
[EventType "swiss"]
[EventRounds "9"]
[EventCountry "ESP"]
[SourceTitle "Ajedrez en Madrid"]
[Source "lmi"]
[SourceDate "2019.09.08"]
[SourceVersion "1"]
[SourceVersionDate "2019.10.29"]
[SourceQuality "1"]

1. c4 e5 2. Nc3 Nf6 3. g3 d5 4. cxd5 Nxd5 5. e3 Bf5 6. Bg2 c6 7. Nge2 Nf6 8. d4
e4 9. a3 Nbd7 10. b4 b6 11. Bb2 c5 12. bxc5 bxc5 13. dxc5 Nxc5 14. Qxd8+ Rxd8
15. Nc1 Bd6 16. O-O O-O 17. Rd1 Be5 18. N1a2 Bg4 19. Rxd8 Rxd8 20. h3 Bf3 21.
Bxf3 exf3 22. Nb4 Nfe4 23. Rd1 Rxd1+ 24. Nxd1 Bxb2 25. Nxb2 g5 26. Nc4 Ne6 27.
Nc6 a6 28. Nb4 f5 29. Nxa6 f4 30. exf4 gxf4 31. g4 Kg7 32. Ne5 N6g5 33. h4 Nh3+
34. Kf1 Nhxf2 35. Nxf3 Nxg4 36. Nb4 Ne3+ 37. Ke2 Ng3+ 38. Kd3 Kf6 39. a4 Nd1
40. a5 Nb2+ 41. Kd4 Ne2+ 42. Kc5 Na4+ 43. Kc6 Kf5 44. a6 Kg4 45. Ne5+ Kg3 46.
a7 Nd4+ 47. Kb7 Nc5+ 48. Kb8 f3 49. Nxf3 Kxf3 50. a8=Q+ Kg4 51. Qd5 Ncb3 52.
Qe4+ Kh5 53. Qxh7+ Kg4 54. Nd3 Nc6+ 55. Kc7 Nc5 56. Nxc5 Kf4 57. Kxc6 1-0

[Event "31. Torneo San Viator 2019 - Grupo B"]
[Site "Madrid ESP"]
[Date "2019.09.29"]
[Round "3.33"]
[White "Acebes Moran, Roberto"]
[Black "Mora Gonzalez-Rojas, Francisco"]
[Result "0-1"]
[WhiteElo "1034"]
[BlackElo "1244"]
[PlyCount "128"]
[EventDate "2019.09.08"]
[EventType "swiss"]
[EventRounds "9"]
[EventCountry "ESP"]
[SourceTitle "Ajedrez en Madrid"]
[Source "lmi"]
[SourceDate "2019.09.08"]
[SourceVersion "1"]
[SourceVersionDate "2019.10.29"]
[SourceQuality "1"]

1. e4 e5 2. Bc4 Nf6 3. Nc3 Bc5 4. d3 h6 5. Nf3 d6 6. h3 O-O 7. O-O Nc6 8. Nd5
Nxd5 9. Bxd5 Nd4 10. Be3 Nxf3+ 11. Qxf3 Bxe3 12. Qxe3 c6 13. Bc4 b5 14. Bb3 a5
15. a3 a4 16. Ba2 c5 17. Bd5 Rb8 18. c3 Bd7 19. d4 c4 20. dxe5 dxe5 21. Qd2 Be6
22. Rab1 Bxd5 23. Qxd5 Qxd5 24. exd5 Rfd8 25. Rfd1 Rd6 26. Rd2 f5 27. Re1 e4
28. f3 Re8 29. Kf2 Kf7 30. g4 g6 31. gxf5 gxf5 32. Re3 Re5 33. f4 Rexd5 34.
Rxd5 Rxd5 35. Kg3 Rd2 36. Kh4 Kg6 37. Rg3+ Kh7 38. Kh5 Rd6 39. Rg2 e3 40. Re2
Re6 41. Kh4 Re4 42. Kg3 h5 43. Kf3 Re6 44. Rxe3 Rb6 45. Kg3 Kg6 46. Kh4 Kh6 47.
Rg3 Rg6 48. Rg5 Rxg5 49. fxg5+ Kg6 50. Kg3 Kxg5 51. h4+ Kf6 52. Kf4 Ke6 53. Kg5
Ke5 54. Kxh5 f4 55. Kg4 Ke4 56. h5 f3 57. h6 f2 58. h7 f1=Q 59. h8=Q Qg2+ 60.
Kh5 Qh3+ 61. Kg5 Qxh8 62. Kg4 Qg7+ 63. Kh5 Kf4 64. Kh4 Qg4# 0-1

[Event "31. Torneo San Viator 2019 - Grupo B"]
[Site "Madrid ESP"]
[Date "2019.09.29"]
[Round "3.34"]
[White "Lavado Peña, David"]
[Black "Lopez Ortega, Ivan"]
[Result "1-0"]
[WhiteElo "1184"]
[BlackElo "1002"]
[PlyCount "79"]
[EventDate "2019.09.08"]
[EventType "swiss"]
[EventRounds "9"]
[EventCountry "ESP"]
[SourceTitle "Ajedrez en Madrid"]
[Source "lmi"]
[SourceDate "2019.09.08"]
[SourceVersion "1"]
[SourceVersionDate "2019.10.29"]
[SourceQuality "1"]

1. c4 e5 2. Nc3 Bb4 3. g3 Nf6 4. Bg2 O-O 5. e3 Nc6 6. Nge2 d6 7. O-O Bg4 8. h3
Be6 9. b3 d5 10. cxd5 Nxd5 11. Bb2 a6 12. Rc1 Qd6 13. d4 Ba3 14. dxe5 Qb4 15.
Nxd5 Bxd5 16. Bxa3 Qxa3 17. Bxd5 Nb4 18. Rxc7 Rab8 19. Rxb7 Rxb7 20. Bxb7 Qxa2
21. Nd4 Qb2 22. Qa1 Qd2 23. Rd1 Qc3 24. Qxc3 Na2 25. Qc4 h6 26. Nf5 g6 27.
Nxh6+ Kg7 28. Qh4 Nc3 29. Rd4 Ne2+ 30. Kg2 Nxd4 31. Qxd4 Kxh6 32. Qh4+ Kg7 33.
g4 Rh8 34. Qf6+ Kg8 35. e6 fxe6 36. Qxe6+ Kg7 37. Bd5 g5 38. Qf7+ Kh6 39. Be4
Rg8 40. Qh7# 1-0

[Event "31. Torneo San Viator 2019 - Grupo B"]
[Site "Madrid ESP"]
[Date "2019.10.06"]
[Round "4.1"]
[White "Arias Cusio, Oscar"]
[Black "Perez Segoviano, Agustin"]
[Result "1-0"]
[WhiteElo "1690"]
[BlackElo "1481"]
[PlyCount "73"]
[EventDate "2019.09.08"]
[EventType "swiss"]
[EventRounds "9"]
[EventCountry "ESP"]
[SourceTitle "Ajedrez en Madrid"]
[Source "lmi"]
[SourceDate "2019.09.08"]
[SourceVersion "1"]
[SourceVersionDate "2019.10.29"]
[SourceQuality "1"]

1. e4 c5 2. d3 Nc6 3. Nf3 e5 4. g3 Nf6 5. Bg2 d6 6. O-O Be7 7. Nc3 O-O 8. a3 a6
9. Nd5 Nxd5 10. exd5 Na7 11. b4 b6 12. Re1 f5 13. Qe2 Bf6 14. Rb1 Nb5 15. Rb3
Bd7 16. c4 Nd4 17. Nxd4 cxd4 18. Qa2 Kh8 19. Rb2 Rc8 20. Bd2 Re8 21. Rc2 h6 22.
Qa1 Re7 23. Qc1 g5 24. c5 bxc5 25. bxc5 dxc5 26. Rxc5 Rxc5 27. Qxc5 Bb5 28. Qc2
Rc7 29. Qd1 Qf8 30. Qb3 Kg7 31. Bb4 Qc8 32. Qb1 Kg6 33. h3 Rc2 34. Qb3 h5 35.
a4 Bd7 36. d6 Qd8 37. Qxc2 1-0